| 000 | 00464nam a2200181 a 4500 | ||
|---|---|---|---|
| 001 | 2910 | ||
| 003 | CDMR | ||
| 005 | 20131024102416.0 | ||
| 008 | 130130s1990||||||||||||||||||||||||||||d | ||
| 020 | _a8487799000 | ||
| 040 |
_aCDMR _bcat _cCDMR |
||
| 100 | 1 |
_aMartí Martí, Josep Maria _9498 |
|
| 245 | 1 | 0 | _aModelos de programación radiofónica |
| 260 |
_aBarcelona _c1990 _bFeed-Back |
||
| 300 | _a145 p. | ||
| 650 | 0 | 4 |
_91724 _aRàdio _xProgramació |
| 942 |
_cMON _2udc |
||
| 999 |
_c2910 _d2910 |
||